Statistics for Classic Literature

Click here to take the quiz!

General Stats

  • This quiz has been taken 1,562 times
  • The average score is 12 of 20

Answer Stats

BookAuthor% Correct
The Great GatsbyF. Scott Fitzgerald
88%
War and PeaceLeo Tolstoy
87%
David CopperfieldCharles Dickens
86%
FrankensteinMary Shelley
84%
Huckleberry FinnMark Twain
81%
To Kill a MockingbirdHarper Lee
80%
Wuthering HeightsEmily Bronte
79%
The Picture of Dorian GrayOscar Wilde
78%
Grapes of WrathJohn Steinbeck
75%
Don QuixoteMiguel de Cervantes
60%
The Count of Monte CristoAlexandre Dumas
56%
The Scarlet LetterNathaniel Hawthorne
56%
Crime and PunishmentFyodor Dostoyevsky
55%
Robinson CrusoeDaniel Defoe
49%
One Hundred Years of SolitudeGabriel Garcia Marquez
48%
Gulliver's TravelsJonathan Swift
47%
Madame BovaryGustave Flaubert
45%
A Passage to IndiaE.M. Forster
33%
Wind in the WillowsKenneth Grahame
25%
The Thirty Nine StepsJohn Buchan
18%

Score Distribution

Percentile by Number Answered

Percent of People with Each Score

Your Score History

You have not taken this quiz